| 000 | 00389nam a2200133Ia 4500 | ||
|---|---|---|---|
| 008 | 220216s9999 xx 000 0 und d | ||
| 100 | _aAshalatha P V | ||
| 245 | 0 | _aStudies on the rheological and mechanical properties of PP/EPDM/NR ternary blends | |
| 260 |
_bKautschuk Gummi Kunststoffe _c1994 |
||
| 300 | _a868-872 | ||
| 700 | _aFrancis D Joseph | ||
| 700 | _aGeorge K E | ||
| 942 | _cJS | ||
| 999 |
_c69733 _d69733 |
||